000
00248nam a22001097a 4500
082
_a
604.2 CAR'D
100
_a
CARINI, L. F. B
_9
57277
245
_a
DRAFTING FOR ELECTRONICS
260
_a
NEWYORK
_b
MCGRAW HILL
_c
1946
300
_a
211P
942
_c
BK
999
_c
567572
_d
567572